banner-ar

ITALO TURKISH DIPLOMACY AND THE WAR OVER LIBYA 1911-1912 / (Record no. 16880)

MARC details
000 -الفاتح
حقل البيانات ثابتة الطول 00533nam a2200205Ia 4500
008 - عناصر البيانات ثابتة الطول - معلومات عامة
حقل البيانات ثابتة الطول 140319s9999 xx 000 0 eng d
040 ## - مصدر الفهرسة
وكالة الفهرسة الأصلية GCL /
وكالة النسخ GCL
082 04 - رقم تصنيف ديوى العشرى
رقم التصنيف 956.1015
رقم المادة C I
100 1# - المدخل الرئيسى - إسم شخصى
الإسم الشخصى CHILDS, TIMOTHY W.
245 10 - بيان العنوان
العنوان ITALO TURKISH DIPLOMACY AND THE WAR OVER LIBYA 1911-1912 /
بيان المسئوليه,etc CHILDS, TIMOTHY W.
260 ## - PUBLICATION, DISTRIBUTION, ETC. (IMPRINT)
تاريخ النشر أو التوزيع 1990
300 ## - الوصف المادى
التعداد 271 PP
650 04 - المدخل الاضافى بالموضوع-مصطلح موضوعى
مصطلح موضوعي LIBYA
650 04 - المدخل الاضافى بالموضوع-مصطلح موضوعى
مصطلح موضوعي OTTOMAN
650 04 - المدخل الاضافى بالموضوع-مصطلح موضوعى
مصطلح موضوعي EMPIRE
650 04 - المدخل الاضافى بالموضوع-مصطلح موضوعى
مصطلح موضوعي ITALY
650 04 - المدخل الاضافى بالموضوع-مصطلح موضوعى
مصطلح موضوعي ITALIAN DIPLOMACY
942 ## - عناصر المدخل الإضافي( كوها)
مصدر التصنيف او مخطط الترفيف Dewey Decimal Classification
Koha [default] item type كتاب
260 ## - PUBLICATION, DISTRIBUTION, ETC. (IMPRINT)
-- [S.N] :
-- E. J. BRILL ،
Holdings
حالة التراجع حالة الفقد حالة تلف ليس للاعارة المكان المؤقت الموقع الحالى تاريخ الاكتساب اجمالي اﻻعارات رقم الطلب الباركود تاريخ اخر مشاهدة تاريخ تفعيل السعر نوع وعاء كوها
        مكتبة القاهرة الكبرى مكتبة القاهرة الكبرى 03/26/2014   956.1015\C I 30507 03/26/2014 03/26/2014 كتاب
        مكتبة القاهرة الكبرى مكتبة القاهرة الكبرى 03/26/2014   956.1015\C I 30508 03/26/2014 03/26/2014 كتاب

Powered By

EGPV